000 00306nam a2200109Ia 4500
008 171211s9999 xx 000 0 und d
245 4 _aThe Smart Guide to Understanding Your Cat
245 _cCarolyn Janik
260 _c2012
650 _xANIMALS
856 _uhttp://down.ebook777.com/041/9780983442189.pdf
999 _c348514
_d348514